000 01060na a2200265 4500
001 15668
003 MIRAKIL
005 20181213155111.0
008 160920b tu 000 0
035 _a15668
040 _aMilas
_btur
_cTR-AnCHP
082 _a323.095492 2013
_bB25 [2014?]
090 _a323.095492 2013 B25 [2014?]
245 _aBangladeş insan hakları raporu 2013
_cİnsan Hakları ve Mazlumlar İçin Dayanışma Derneği (MAZLUMDER) ; hazırlayanlar Asım Sinan Karakurt
260 _aAnkara
_bMazlumder Genel Merkez
_c[2014?]
300 _a32 s.
_c26 sm.
500 _aBangladesh human rights report 2013
650 _aİnsan hakları
_xRaporlar
_y2013
_zBangladeş
650 _aİnsan hakları ihlali
_xRaporlar
_xYıllıklar
_y2013
_zBangladeş
650 _aHak ve özgürlükler
_xRaporlar
_xYıllıklar
_y2013
_zBangladeş
650 _aMedeni haklar
_xRaporlar
_xYıllıklar
_y2013
_zBangladeş
700 _aKarakurt, Asım Sinan
710 _aİnsan Hakları ve Mazlumlar İçin Dayanışma Derneği (MAZLUMDER)
942 _2ddc
_cBKS
999 _c6558
_d6558